000 00297nam a22001217a 4500
999 _c6369
_d6369
008 180622b ||||| |||| 00| 0 eng d
020 _a0-7456-0255-X
082 _a301 GID
100 _aGIDDENS ANTHONY
245 _aSOCIOLOGY
250 _a5TH,ED.
260 _aUNITED KINGDOM
_bTHE POLICY PRESS
_c2006